Statistics for Brazilian football players nicknames

Click here to take the quiz!

General Stats

  • This quiz has been taken 20 times
  • The average score is 8 of 15

Answer Stats

Full nameNicknameYears played% Correct
Edson Arantes do NascimentoPelé1957~71
94%
Arthur Antunes CoimbaZico1976~89
72%
Ricardo Izecson dos SantosKaká2002~16
67%
Givanildo Vieira de SousaHulk2009~21
61%
Alexandre Rodrigues da SilvaPato2008~13
56%
Marcus Evangelista de MoraisCafu1990~06
50%
Carlos Alberto TorresCapita1964~78
50%
Nelson de Jesus da SilvaDida1995~06
50%
Waldir PereiraDidi1952~62
50%
Manoel Francisco dos SantosGarrincha1955~66
50%
José Roberto Gama de OliveiraBebeto1985~98
44%
Carlos Caetano Bledorn VerriDunga1987~98
44%
Antônio Augusto Ribeiro Reis JúniorJuninho1999~06
33%
Cláudio Ibrahim Vaz LealBranco1985~95
22%
Antônio de Oliveira FilhoCareca1982~93
22%

Score Distribution

Percentile by Number Answered

Percent of People with Each Score

Your Score History

You have not taken this quiz